Policy brief: registered nurse staffing requirements in nursing homes (Record no. 329483)
[ view plain ]
| 000 -LEADER | |
|---|---|
| fixed length control field | 00439nam a2200133Ia 4500 |
| 008 - FIXED-LENGTH DATA ELEMENTS--GENERAL INFORMATION | |
| fixed length control field | 170419s9999 xx 000 0 und d |
| 100 ## - MAIN ENTRY--PERSONAL NAME | |
| Personal name | Mueller, Christine. |
| 245 ## - TITLE STATEMENT | |
| Title | Policy brief: registered nurse staffing requirements in nursing homes |
| 245 ## - TITLE STATEMENT | |
| Statement of responsibility, etc | Christine Mueller, Barbara Bowers, Sarah Greene Burger, Tara A. Cortes. |
| 260 ## - PUBLICATION, DISTRIBUTION, ETC. (IMPRINT) | |
| Name of publisher, distributor, etc | Elsevier |
| 260 ## - PUBLICATION, DISTRIBUTION, ETC. (IMPRINT) | |
| Date of publication, distribution, etc | 2016 |
| 300 ## - PHYSICAL DESCRIPTION | |
| Extent | September/November |
| 440 ## - SERIES STATEMENT/ADDED ENTRY--TITLE | |
| Title | Nursing Outlook |
| Volume number/sequential designation | 64:5 |
| Withdrawn status | Lost status | Damaged status | Home library | Current library | Date acquired | Total Checkouts | Date last seen | Price effective from | Koha item type |
|---|---|---|---|---|---|---|---|---|---|
| College Library | College Library | 04/19/2017 | 04/19/2017 | 04/19/2017 | Periodicals |